[Event "GLC Chess Challenge"]
[Site "London ENG"]
[Date "1986.03.25"]
[EventDate "1986.03.11"]
[Round "12"]
[Result "1/2-1/2"]
[White "Short, Nigel David"]
[Black "Spassky, Boris"]
[WhiteElo "2585"]
[BlackElo "2610"]
[PlyCount "81"]

1.e4 e5 2.Nf3 Nc6 3.Bb5 a6 4.Ba4 d6 5.c3 Bd7 6.d4 g6 7.O-O Bg7
8.d5 Nce7 9.Bxd7+ Qxd7 10.c4 h6 11.Nc3 f5 12.exf5 Nxf5 13.Ne4
Nf6 14.Nxf6+ Bxf6 15.Nd2 O-O 16.Ne4 Bg7 17.Be3 b6 18.Qd3 a5
19.b3 Kh7 20.Rae1 Kg8 21.Bd2 g5 22.Ng3 Nh4 23.f3 Qf7 24.Qe4
Ng6 25.Nh1 Nh4 26.Nf2 Nf5 27.Nd3 Rfe8 28.g3 Rf8 29.Kg2 Rae8
30.Be3 Ne7 31.h4 gxh4 32.Qxh4 Nf5 33.Qe4 Qg6 34.Bf2 h5 35.Rh1
Kf7 36.Rh3 Bf6 37.Nc1 Bg5 38.Ne2 Kg7 39.Rf1 Re7 40.Nc3 Ref7
41.Qe2 1/2-1/2

[Event "GLC Chess Challenge"]
[Site "London ENG"]
[Date "1986.03.25"]
[EventDate "1986.03.11"]
[Round "12"]
[Result "0-1"]
[White "Vaganian, Rafael"]
[Black "Plaskett, Harold James"]
[WhiteElo "2645"]
[BlackElo "2435"]
[PlyCount "78"]

1.Nf3 Nf6 2.c4 b6 3.d4 e6 4.Nc3 Bb4 5.Bg5 Bb7 6.e3 h6 7.Bh4 g5
8.Bg3 Ne4 9.Qc2 Bxc3+ 10.bxc3 Nxg3 11.fxg3 d6 12.Bd3 Nd7
13.O-O Qe7 14.a4 a5 15.Be4 Bxe4 16.Qxe4 O-O 17.Qc6 f5 18.Qxc7
Rfc8 19.Qb7 Qd8 20.Nxg5 hxg5 21.Qf3 Nf6 22.g4 Qe7 23.gxf5 e5
24.h3 Kf7 25.Rab1 Rab8 26.Qe2 Qc7 27.c5 dxc5 28.Rb5 cxd4
29.cxd4 e4 30.Rfb1 Qc2 31.Qe1 g4 32.Qg3 Qc7 33.Re5 Rg8 34.h4
Rbc8 35.Kh2 Nh5 36.Qe1 Rge8 37.Rb5 Nf6 38.Qg3 Rh8 39.Re6 Rxh4+
0-1

[Event "GLC Chess Challenge"]
[Site "London ENG"]
[Date "1986.03.27"]
[EventDate "1986.03.11"]
[Round "13"]
[Result "1-0"]
[White "Plaskett, Harold James"]
[Black "Chandler, Murray Graham"]
[WhiteElo "2435"]
[BlackElo "2535"]
[PlyCount "71"]

1.Nf3 Nf6 2.d4 e6 3.c4 b6 4.Nc3 Bb7 5.Bg5 Be7 6.Qc2 d5 7.cxd5
Nxd5 8.Bxe7 Qxe7 9.e4 Nxc3 10.bxc3 O-O 11.Bc4 c5 12.O-O Nc6
13.Rad1 cxd4 14.cxd4 Rac8 15.Qe2 Na5 16.Bd3 Rc3 17.Rfe1 Rd8
18.h4 g6 19.Qd2 Ra3 20.h5 Qf8 21.h6 Rc8 22.Rc1 f6 23.Rxc8 Qxc8
24.Rc1 Qd8 25.Qe2 Qf8 26.Qd2 Qd8 27.Rd1 Qd6 28.e5 Qf8 29.exf6
Bxf3 30.gxf3 Qxf6 31.Rc1 Qxf3 32.Rc8+ Kf7 33.Qg5 Nc6 34.Rc7+
Kf8 35.Be4 Qd1+ 36.Kg2 1-0

[Event "GLC Chess Challenge"]
[Site "London ENG"]
[Date "1986.03.27"]
[EventDate "1986.03.11"]
[Round "13"]
[Result "1/2-1/2"]
[White "Polugaevsky, Lev"]
[Black "Vaganian, Rafael"]
[WhiteElo "2575"]
[BlackElo "2645"]
[PlyCount "29"]

1. d4 d5 2. c4 e6 3. Nf3 Nf6 4. Nc3 Be7 5. Bg5 h6 6. Bxf6 Bxf6
7. e3 O-O 8. Rc1 c6 9. Bd3 Nd7 10. O-O dxc4 11. Bxc4 e5
12. Ne4 exd4 13. Nxf6+ Nxf6 14. Qxd4 Qxd4 15. Nxd4 1/2-1/2

[Event "GLC Chess Challenge"]
[Site "London ENG"]
[Date "1986.03.27"]
[EventDate "1986.03.11"]
[Round "13"]
[Result "1/2-1/2"]
[White "Spassky, Boris"]
[Black "Larsen, Bent"]
[WhiteElo "2610"]
[BlackElo "2575"]
[PlyCount "85"]

1. e4 c5 2. Nc3 Nc6 3. g3 g6 4. Bg2 Bg7 5. d3 d6 6. Nge2 e5
7. Nd5 Bg4 8. c3 Qd7 9. Be3 h5 10. h3 Be6 11. Qd2 Bxd5
12. exd5 Nce7 13. f4 exf4 14. Bxf4 Nf6 15. c4 O-O 16. O-O Nf5
17. Rae1 Rfe8 18. Nc3 a6 19. a4 b6 20. Kh2 Rxe1 21. Rxe1 Re8
22. Rf1 Qe7 23. Bg5 Ne3 24. Rf4 Nfg4+ 25. Rxg4 Bxc3 26. bxc3
Nxg4+ 27. hxg4 f6 28. Bh6 hxg4 29. Be4 Kf7 30. Kg1 f5 31. Bg5
Qd7 32. Qh2 Kg8 33. Bg2 Qh7 34. Qxh7+ Kxh7 35. Bf4 Rd8 36. Bg5
Rd7 37. d4 a5 38. Bf1 Kg7 39. Kf2 Kf7 40. Ke3 Ke8 41. Kf2 Rh7
42. Kg2 Rh5 43. Bd2 1/2-1/2

[Event "GLC Chess Challenge"]
[Site "London ENG"]
[Date "1986.03.27"]
[EventDate "1986.03.11"]
[Round "13"]
[Result "1/2-1/2"]
[White "Mestel, Andrew Jonathan"]
[Black "Dlugy, Maxim"]
[WhiteElo "2525"]
[BlackElo "2545"]
[PlyCount "49"]

1. e4 c6 2. c4 d5 3. cxd5 cxd5 4. exd5 Qxd5 5. Nc3 Qd6 6. d4
e6 7. Nge2 Nf6 8. g3 Bd7 9. Bf4 Qb6 10. Bg2 Bc6 11. d5 exd5
12. O-O Bb4 13. Bg5 Nbd7 14. Nxd5 Nxd5 15. Bxd5 O-O 16. a3 Bd6
17. Bxc6 Qxc6 18. Rc1 Qa6 19. Nd4 Qa5 20. Be3 Nf6 21. Ne6 fxe6
22. Qxd6 Qf5 23. Rc4 Nd5 24. Bd4 Rad8 25. Qe5 1/2-1/2